[Event "Marseille op 2nd "]
[Site "Marseille"]
[Date "2009.12.29"]
[Round "8"]
[White "Henri, Jacqueline"]
[Black "Prioreschi, Olivier"]
[Result "1-0"]
[WhiteElo "1448"]
[BlackElo "1490"]
[PlyCount "57"]
[EventDate "2009.12.26"]
[EventType "swiss"]
[EventRounds "9"]
[EventCountry "FRA"]
[SourceTitle "CBM 134 Extra"]
[Source "ChessBase"]
[SourceDate "2010.03.03"]
[SourceVersion "1"]
[SourceVersionDate "2010.03.03"]
[SourceQuality "1"]

1. e4 e5 2. Nf3 Nc6 3. d4 exd4 4. Nxd4 Bc5 5. Be3 Nxd4 6. Bxd4 Qe7 7. Nc3 Bxd4 8. Qxd4 Nf6 9. 0-0-0 0-0 10. e5 Ng4 11. Qxg4 d6 12. Qe4 dxe5 13. f4 Re8 14. Bd3 f5 15. Qd5+ Kh8 16. fxe5 Qg5+ 17. Kb1 c6 18. Qf3 Rxe5 19. Rde1 f4 20. Ne4 Qh4 21. g3 Qh3 22. Qxf4 Rf5 23. Qd2 Rf3 24. Ng5 Qh5 25. Nxf3 Bg4 26. Nd4 Rd8 27. Ne6 Rd6 28. Qf4 h6 29. Qf8# 1-0

[Event "Marseille op 2nd "]
[Site "Marseille"]
[Date "2009.12.28"]
[Round "6"]
[White "Mondy, Marcel"]
[Black "Prioreschi, Olivier"]
[Result "1-0"]
[WhiteElo "1730"]
[BlackElo "1490"]
[PlyCount "69"]
[EventDate "2009.12.26"]
[EventType "swiss"]
[EventRounds "9"]
[EventCountry "FRA"]
[SourceTitle "CBM 134 Extra"]
[Source "ChessBase"]
[SourceDate "2010.03.03"]
[SourceVersion "1"]
[SourceVersionDate "2010.03.03"]
[SourceQuality "1"]

1. d4 d5 2. Nf3 Nf6 3. c4 e6 4. Bg5 Be7 5. e3 Bd7 6. Nc3 0-0 7. Be2 Nc6 8. 0-0 Na5 9. Bxf6 Bxf6 10. cxd5 exd5 11. Nxd5 Re8 12. Nxf6+ Qxf6 13. Rc1 Nc6 14. Qb3 Rab8 15. d5 Na5 16. Qa3 Qb6 17. b4 Nc4 18. Bxc4 Re4 19. Bd3 Rxb4 20. Rxc7 Ra4 21. Qc3 Bg4 22. Ne5 f6 23. Nxg4 Rxg4 24. Rc8+ Rxc8 25. Qxc8+ Kf7 26. Qxg4 Qd6 27. Rd1 Qa3 28. Qe6+ Kf8 29. d6 Qxa2 30. Qxa2 b5 31. Qxa7 f5 32. Qe7+ Kg8 33. Ra1 h6 34. Bxf5 g6 35. Ra8# 1-0